000 01057cam a22003017a 4500
003 CHAP
005 20220329141423.0
008 971013s1983 r 00010 d
010 _a67859
011 _a68831
035 _a78305
040 _cCHAP
082 _a631.44
_bG5
100 0 0 _aGlazovskaya, M. A.
_948263
245 0 _aSoils of the world A
260 _aRotterdam :
_bBalkema,
_c1983-84
505 _aContenido : v.1 Soil families and Soil types -- v.2 Soil (geographyTrad. de la ed. original en ruso de 1972-73
590 _aBATCH-UPD
_b10
_c20130110
_lUCH01
_h2022
590 _aBATCH-UPD
_b10
_c20130410
_lUCH01
_h1340
590 _aBATCH-UPD
_b10
_c20130914
_lUCH01
_h2038
590 _aCONVERSION
_b10
_c20130109
_lUCH01
_h1337
650 1 4 _aSuelos
_xClasificación.
_9110239
650 1 4 _aSuelos
_xGeografía.
_9110381
901 _aBK
942 _cLIBRO
949 _a631.44 G5
_bBC
_cLIBRO
_d33724000071544
_eLIBRO
_fv.1
_gI.135620
_h71320
_i78305
_si
_t187.61
949 _a631.44 G5
_bBC
_cLIBRO
_d33724000071742
_eLIBRO
_fv.2
_h71321
_i78305
_si
_t187.61
999 _c67859
_d67859